000 00861nam a2200253Ia 4500
003 IN-BaIIA
008 211028s9999 xx s 000 0 eng d
020 _a978-3-642-30787-4 (Print)
020 _a978-3-642-30788-1 (Online)
022 _a2190-5053 (Print)
022 _a2190-5061 (Online)
040 _cIIA Library
100 _aVesterinen, Mika
_939797
245 0 _aZ Boson Transverse Momentum Distribution, and ZZ and WZ Production
_h[eBook]
260 _aHeidelberg, Berlin
_bSpringer Berlin Heidelberg
_c2012
300 _aOnline resource
490 _aSpringer Theses
650 _a Elementary Particles, Quantum Field Theory
650 _a Mathematical Methods in Physics
650 _a Mathematical Physics
_91525
650 _aPhysics
_973
856 _uhttp://doi.org/10.1007/978-3-642-30788-1
_yClick Here to Access eBook
942 _cEB
999 _c21535
_d21535